[Event "18th Zadar Open A"]
[Site "Zadar CRO"]
[Date "2011.12.15"]
[Round "7.10"]
[White "Berczes,D"]
[Black "Drazic,S"]
[Result "1-0"]
[WhiteElo "2555"]
[BlackElo "2537"]

1.d4 d5 2.c4 Nc6 3.Nc3 dxc4 4.Nf3 Nf6 5.e3 Bg4 6.Bxc4 e6 7.Bb5 Bd6 8.Qa4 Bxf3
9.gxf3 Qd7 10.e4 Be7 11.Rg1 g6 12.Bh6 O-O-O 13.Rc1 Kb8 14.Ne2 Qd6 15.Bxc6 bxc6
16.Bg7 Rhg8 17.Bxf6 Bxf6 18.e5 Bxe5 19.dxe5 Qxe5 20.Rg4 Rd5 21.Qxc6 Rgd8
22.Rb4+ Kc8 23.f4 Qd6 24.Qxd6 R8xd6 25.Rbc4 Rd7 26.Rc5 Rd3 27.Kf1 Rd1+ 28.Kg2 Rxc1
29.Nxc1 Rd2 30.b3 Kb7 31.Kf3 Kb6 32.Rc3 a5 33.a4 Rd5 34.Nd3 Rh5 35.Kg3 f6
36.h4 Rd5 37.Nb2 Rh5 38.Kg4 e5 39.fxe5 fxe5 40.f3 Rf5 41.Nd3 h5+ 42.Kg3 g5
43.hxg5 Rxg5+ 44.Kh4 Rf5 45.Nc5 Kc6 46.Ne4+ Kd5 47.Rd3+ Kc6 48.Rc3+ Kd5 49.Rd3+ Kc6
50.Ng5 Kc5 51.Kxh5 Kb4 52.Kg6 Rf4 53.Ne6 Rh4 54.Nxc7 e4 55.Rd4+ Kxb3 56.Rxe4 Rh3
57.f4 Rc3 58.Nb5  1-0

[Event "3rd Palau Invitational"]
[Site "Koror PLW"]
[Date "2011.12.18"]
[Round "8"]
[White "Gonzales,Dennis"]
[Black "Suringa Jr,Paquito"]
[Result "1-0"]
[WhiteElo "1611"]
[BlackElo "1729"]

1.d4 d5 2.c4 Nc6 3.c5 g6 4.b3 Bg7 5.Bb2 e6 6.e3 Nge7 7.Nf3 b6 8.cxb6 cxb6
9.a3 Bb7 10.Bd3 Qd6 11.O-O O-O 12.Nbd2 e5 13.dxe5 Nxe5 14.Bxe5 Bxe5 15.Nxe5 Qxe5
16.Qf3 Rab8 17.Qe2 Qg5 18.Nf3 Qf6 19.Rfd1 Nf5 20.Bc2 Nh4 21.Nxh4 Qxh4 22.Rd4 Qg5
23.Qf3 Rbd8 24.h4 Qe5 25.Rb1 f5 26.Rf4 Qc3 27.Bd1 Qd3 28.Rb2 Rd7 29.Rc2 Rff7
30.Rc1 Rc7 31.Rd4 Qb5 32.a4 Qd7 33.Bc2 Rc3 34.Rd3 d4 35.Qg3 Qc6 36.Rxc3 Qxc3
37.Qb8+ Bc8 38.exd4 Rc7 39.d5 Kf7 40.d6 Rd7 41.b4 Qc6 42.Bb3+  1-0

[Event "Czech Chess Christmas 2011"]
[Site "Litomysl CZE"]
[Date "2011.12.26"]
[Round "1.13"]
[White "Balacek,T"]
[Black "Prachar,J"]
[Result "1-0"]
[WhiteElo "2235"]
[BlackElo "1889"]

1.d4 d5 2.c4 Nc6 3.Nf3 Bg4 4.cxd5 Bxf3 5.gxf3 Qxd5 6.e3 e5 7.Nc3 Bb4 8.Bd2 Bxc3
9.bxc3 Nf6 10.c4 Qd6 11.d5 Ne7 12.Rb1 b6 13.Bb4 c5 14.Bc3 Nf5 15.Bh3 Nh4
16.Qa4+ Ke7 17.Ke2 Rhd8 18.Rhg1 Nxd5 19.cxd5 Qxd5 20.Qxh4+  1-0

[Event "Czech Chess Christmas 2011"]
[Site "Litomysl CZE"]
[Date "2011.12.31"]
[Round "8.2"]
[White "Cerveny,M"]
[Black "Kanovsky,D"]
[Result "1/2-1/2"]
[WhiteElo "2347"]
[BlackElo "2453"]

1.d4 d5 2.c4 Nc6 3.Nf3 Bg4 4.cxd5 Bxf3 5.gxf3 Qxd5 6.e3 e5 7.Nc3 Bb4 8.a3 Bxc3+
9.bxc3 Nf6 10.Rb1 exd4 11.cxd4 O-O 12.Rb5 Qd6 13.Rg5  1/2-1/2

[Event "5th Costa Viola Open A"]
[Site "Palmi ITA"]
[Date "2012.01.05"]
[Round "7"]
[White "Carlomagno,Vincenzo"]
[Black "Marzaduri,Riccardo"]
[Result "0-1"]
[WhiteElo "1970"]
[BlackElo "1830"]

1.c4 Nc6 2.d4 d5 3.cxd5 Qxd5 4.Nf3 e5 5.Nc3 Bb4 6.Bd2 Bxc3 7.Bxc3 e4 8.Ne5 Nxe5
9.dxe5 Ne7 10.e3 Bf5 11.Be2 Qxd1+ 12.Rxd1 O-O 13.f4 Rfd8 14.Kf2 Be6 15.b3 Nd5
16.Bb2 f6 17.exf6 Nxf6 18.h3 Bd5 19.g4 Rd7 20.f5 Bf7 21.Bc3 Nd5 22.Be1  0-1

[Event "TCh-ISR 2011-12"]
[Site "Israel ISR"]
[Date "2012.01.06"]
[Round "5.1"]
[White "Novikov,I"]
[Black "Porat,I"]
[Result "1-0"]
[WhiteElo "2560"]
[BlackElo "2428"]

1.d4 d5 2.c4 Nc6 3.Nf3 Bg4 4.Qa4 Bxf3 5.gxf3 e6 6.Nc3 Ne7 7.e3 g6 8.Bd2 Bg7
9.O-O-O Qd7 10.f4 a6 11.Kb1 dxc4 12.Qxc4 Nd5 13.Bg2 Nce7 14.Ne4 b6 15.h4 h5
16.Ng5 O-O 17.Nf3 Rfd8 18.Ne5 Bxe5 19.fxe5 b5 20.Qc5 a5 21.e4 Nb4 22.Bg5 Re8
23.Bf6 Ra6 24.Qc1 Kh7 25.Rh3 Rc6 26.Rc3 Rxc3 27.Qxc3 Ng8 28.Bg5 Nc6 29.f4 b4
30.Qd3 Kg7 31.d5 Nce7 32.Bh3 Rd8 33.f5 exf5 34.exf5 gxf5 35.d6 Qe6 36.Rg1 Kh8
37.Qf3 Qg6  1-0

[Event "XXI Paul Keres Memorial Preliminary"]
[Site "Tallinn EST"]
[Date "2012.01.06"]
[Round "2"]
[White "Fedoseev,Vl3"]
[Black "Fomina,T"]
[Result "1-0"]
[WhiteElo "2525"]
[BlackElo "2203"]

1.d4 d5 2.c4 Nc6 3.Nf3 Bg4 4.e3 e6 5.Nc3 Bb4 6.Bd2 Nf6 7.cxd5 exd5 8.Be2 O-O
9.O-O Ne4 10.a3 Nxd2 11.Nxd2 Bxe2 12.Qxe2 Bd6 13.Qb5 Ne7 14.Qxb7 Rb8 15.Qxa7 Rxb2
16.Nf3 Qa8 17.Qxa8 Rxa8 18.Rab1 Bxa3 19.Nb5 Rxb1 20.Rxb1 Bd6 21.Nxd6 cxd6
22.g4 f6 23.Rb6 Rd8 24.Rb7 Kf7 25.Nh4 g6 26.Ng2 g5 27.Ne1 h5 28.gxh5 Rh8
29.Nd3 Rxh5 30.Nb4 Ke6 31.Na6 g4 32.Nc7+ Kf7 33.Kg2 Kg6 34.Ne6 Kf7 35.Nf4 Rg5
36.Rd7 Ke8 37.Rxd6 Kf7 38.Rd7 Ke8 39.Rc7 Ng6 40.Ne6 Rf5 41.Ng7+ Kd8 42.Nxf5 Kxc7
43.Kg3 Kd7 44.Kxg4 Ke6 45.h4 Nh8 46.f3 Ng6 47.h5 Nf8 48.e4 Nh7 49.Ne3 dxe4
50.fxe4 Ng5 51.h6 Nh7 52.Nf5 Kf7 53.Kf4 Ke6 54.Ke3 Ng5 55.Kd3 Kf7 56.d5 Kg6
57.d6 Nf7 58.Kd4 Ne5 59.Kd5  1-0

[Event "TCh-CZE Extraliga 2011-12"]
[Site "Czech Republic CZE"]
[Date "2012.01.07"]
[Round "5.6"]
[White "Jedlicka,A"]
[Black "Priehoda,V"]
[Result "0-1"]
[WhiteElo "2262"]
[BlackElo "2388"]

1.d4 d5 2.c4 Nc6 3.Nc3 Nf6 4.Nf3 dxc4 5.e4 Bg4 6.Be3 e5 7.d5 Bxf3 8.gxf3 Nb8
9.Bxc4 Nbd7 10.Qe2 a6 11.Bb3 Bd6 12.O-O-O Nh5 13.Rhg1 h6 14.f4 Nxf4 15.Bxf4 exf4
16.Rxg7 Qf6 17.Rdg1 f3 18.Qc2 O-O-O 19.e5 Nxe5 20.Ne4 Qf4+ 21.Kb1 Kb8 22.Ng3 Bf8
23.Rh7 Rxh7 24.Qxh7 Bc5 25.Qe4 Qxe4+ 26.Nxe4 Bb6 27.Rd1 f5 28.Ng3 Bxf2 29.Nxf5 Rf8
30.Bc2 h5 31.Ng7 h4 32.Rf1 Bb6 33.Nf5 f2 34.Nxh4 Nc4 35.Ng6 Nd2+ 36.Kc1 Nxf1
37.Nxf8 Nxh2  0-1

[Event "Gibraltar Open"]
[Site "Caleta ENG"]
[Date "2012.01.27"]
[Round "4.75"]
[White "Lipecki,A"]
[Black "Peek,Mar"]
[Result "0-1"]
[WhiteElo "2159"]
[BlackElo "2354"]

1.d4 d5 2.c4 Nc6 3.Nc3 dxc4 4.Nf3 Nf6 5.Bg5 h6 6.Bxf6 exf6 7.e3 Bd6 8.Bxc4 O-O
9.O-O f5 10.Rc1 Ne7 11.Qc2 c6 12.a3 Bd7 13.Ba2 Rc8 14.Qd3 Be6 15.Bb1 Qd7
16.h4 g6 17.Qd2 Kg7 18.Rfe1 Nd5 19.Nxd5 Bxd5 20.e4 fxe4 21.Bxe4 Bxe4 22.Rxe4 Rfe8
23.Rce1 Rxe4 24.Rxe4 Qf5 25.Qe2 Rd8 26.g3 Qd5 27.Kg2 a5 28.Re8 Rxe8 29.Qxe8 a4
30.Qe3 b5 31.Qc3 Be7 32.Kf1 Bf6 33.Ke2 c5 34.Ke3 Qe6+ 35.Kd2 cxd4 36.Qd3 Qb6
37.b3 Qc5 38.bxa4 bxa4 39.Ne1 Qa5+ 40.Kd1 Qd5 41.Nc2 Qb3 42.Ke2 Qb2 43.Kd2 h5
44.Qc4 Qb3 45.Qd3 Kg8 46.Na1 Qb2+ 47.Nc2 Be7 48.Kd1 Bc5 49.Kd2 Qc3+ 50.Ke2 Kg7
51.f3 f5 52.Qd1 d3+ 53.Qxd3 Qxd3+ 54.Kxd3 Bf2 55.g4 fxg4 56.fxg4 hxg4 57.Ke2 Bc5
58.Ne3 Bxe3 59.Kxe3 Kh6 60.Kf4 Kh5 61.Kg3 g5 62.hxg5 Kxg5 63.Kg2 Kf4 64.Kf2 Ke4  0-1

[Event "TCh-CAT 2012"]
[Site "Catalunya ESP"]
[Date "2012.01.28"]
[Round "1.6"]
[White "Casanellas Ruano,L"]
[Black "Perez Manas,B"]
[Result "0-1"]
[WhiteElo "2208"]
[BlackElo "2235"]

1.d4 d5 2.c4 Nc6 3.cxd5 Qxd5 4.Nf3 e5 5.Nc3 Bb4 6.Bd2 Bxc3 7.Bxc3 e4 8.Ne5 Nxe5
9.dxe5 Be6 10.Qa4+ Bd7 11.Qa3 Qe6 12.g3 Bc6 13.Bg2 Ne7 14.O-O O-O 15.f4 exf3
16.exf3 h5 17.f4 Bxg2 18.Kxg2 Nf5 19.Qc5 b6 20.Qf2 Rad8 21.a3 Rd3 22.Qe2 Qc4
23.Qxh5 Ne3+ 24.Kg1 Nxf1 25.Rxf1 Qc5+ 26.Kg2 Rfd8 27.f5 Rxc3 28.bxc3 Rd2+
29.Kh3 Qxe5 30.Rf4 Qd5 31.Rf3 Qa2 32.Kg4 Rxh2 33.Qg5 Qc4+ 34.Qf4 Qxf4+ 35.Rxf4 Ra2
36.a4 Kf8 37.Rc4 c5 38.Kf4 Ke7 39.g4 Kd6 40.Kg5 Rc2 41.f6 gxf6+ 42.Kxf6 Rf2+
43.Kg7 Kd5  0-1

[Event "Gibraltar Open"]
[Site "Caleta ENG"]
[Date "2012.01.31"]
[Round "8.88"]
[White "Mihajlov,Sebastian"]
[Black "Adler,B"]
[Result "1-0"]
[WhiteElo "1974"]
[BlackElo "2167"]

1.d4 d5 2.c4 Nc6 3.cxd5 Qxd5 4.e3 e5 5.Nc3 Bb4 6.Bd2 Bxc3 7.bxc3 Qd6 8.Bd3 Nf6
9.Ne2 O-O 10.O-O Bg4 11.h3 Bxe2 12.Bxe2 Ne7 13.Rb1 b6 14.Bf3 Rad8 15.Qa4 Rfe8
16.Rfd1 Ng6 17.c4 exd4 18.exd4 Nh4 19.Bc6 Re6 20.d5 Re2 21.c5 Nf3+ 22.gxf3 Qxc5
23.Be1 Re5 24.Rbc1 Rg5+ 25.Kf1 Qe7 26.f4 Rf5 27.Qb4 Rd6 28.Bc3 Ne4 29.Be5 Rxe5
30.fxe5 Qxe5 31.Qd4 Qf4 32.Qe3 Qh4 33.Rd4 f5 34.Re1 h6 35.Bb5 Rg6 36.Bd3 Rg3
37.fxg3 Qxh3+ 38.Kg1  1-0

[Event "Moscow Open F 2012"]
[Site "Moscow RUS"]
[Date "2012.02.02"]
[Round "6.8"]
[White "Matveeva,O"]
[Black "Shalin,Alexey"]
[Result "1/2-1/2"]
[WhiteElo "2230"]
[BlackElo "1938"]

1.d4 d5 2.c4 Nc6 3.cxd5 Qxd5 4.e3 e5 5.Nc3 Bb4 6.Bd2 Bxc3 7.Bxc3 exd4 8.Ne2 Bg4
9.f3 Nf6 10.Nxd4 Nxd4 11.Qxd4 Qxd4 12.Bxd4 Be6 13.Rc1 c6 14.Bc4 Bxc4 15.Rxc4 O-O
16.Ke2 Rfd8 17.Rd1 Nd5 18.g4 f6 19.Rc2 Kf7 20.Rcd2 b6 21.Kf2 Nc7 22.e4 Ne6
23.Ke3 c5 24.Bc3 Rxd2 25.Rxd2 Rd8 26.Rxd8 Nxd8 27.e5 Ke6 28.f4 f5 29.h3 g6  1/2-1/2

[Event "Moscow Open F 2012"]
[Site "Moscow RUS"]
[Date "2012.02.04"]
[Round "8.13"]
[White "Guseinov,D"]
[Black "Shalin,Alexey"]
[Result "0-1"]
[WhiteElo "2089"]
[BlackElo "1938"]

1.d4 d5 2.c4 Nc6 3.Nf3 Bg4 4.Nc3 e6 5.cxd5 exd5 6.Bf4 Bd6 7.Bg3 Bxf3 8.gxf3 f5
9.Qd2 Nce7 10.Bh4 c6 11.Bh3 Qc7 12.e4 g6 13.e5 Bb4 14.a3 Ba5 15.b4 Bb6 16.Rc1 Qb8
17.O-O Bd8 18.Rfe1 h6 19.Bf6 Rh7 20.f4 Kf7 21.Bh4 g5 22.Bg3 g4 23.Bf1 Ng6
24.Bd3 N8e7 25.f3 gxf3 26.Kf2 h5 27.Kxf3 Bb6 28.Bf2 Qf8 29.Rg1 Ke6 30.Na4 Rf7
31.h4 Nh8 32.Rg5 Rg7 33.Rxh5 Qf7 34.Rh6+ Rg6 35.Rxg6+ Qxg6 36.Be2 Qh6 37.Rg1 Nhg6
38.Nc5+ Bxc5 39.bxc5 b6 40.Rb1 Rg8 41.Bg3 bxc5 42.Rb7 Nxh4+ 43.Kf2 Qg7 44.Qd3 Nhg6
45.dxc5 a5 46.Qa6 Nxe5 47.Rxe7+ Qxe7 48.fxe5 Qxc5+ 49.Kf3 Qxa3+ 50.Bd3 Qc3
51.Kf2 Qc5+ 52.Kf3 Qc3 53.Kf2 Rb8 54.Bb5 Qc5+ 55.Kg2 Qxb5  0-1

[Event "11th Aeroflot Open B"]
[Site "Moscow RUS"]
[Date "2012.02.11"]
[Round "5"]
[White "Goryachkina,A"]
[Black "Karpatchev,A"]
[Result "1/2-1/2"]
[WhiteElo "2333"]
[BlackElo "2466"]

1.d4 d5 2.c4 Nc6 3.Nf3 Bg4 4.cxd5 Bxf3 5.dxc6 Bxc6 6.Nc3 Nf6 7.f3 e5 8.dxe5 Nd7
9.Bf4 Bc5 10.Qc2 Qe7 11.O-O-O Nxe5 12.Nd5 Bxd5 13.Rxd5 Bd6 14.Bxe5 Bxe5 15.Qe4 Bd6
16.Qxe7+ Kxe7 17.e4 c6 18.Rd1 h5 19.Bc4 h4 20.e5 Bc5  1/2-1/2

[Event "ch-Central Serbia 2012"]
[Site "Pozarevac SRB"]
[Date "2012.02.14"]
[Round "2.15"]
[White "Todorovic,Boj"]
[Black "Ratkovic,Milov"]
[Result "0-1"]
[WhiteElo "2289"]
[BlackElo "2183"]

1.d4 d5 2.c4 Nc6 3.cxd5 Qxd5 4.e3 e5 5.Nc3 Bb4 6.Bd2 Bxc3 7.bxc3 Qd6 8.Nf3 e4
9.Ng5 Qe7 10.Nh3 Bxh3 11.gxh3 Nh6 12.Rb1 Nf5 13.Rxb7 O-O 14.Rg1 Nh4 15.Rg3 Rab8
16.Rb5 Qf6 17.Qg4 Nf3+ 18.Rxf3 exf3 19.Qd7 Qg6  0-1

[Event "ch-ROU Women 2012"]
[Site "Sarata Monteoru ROU"]
[Date "2012.02.14"]
[Round "2.2"]
[White "Foisor,M"]
[Black "Foisor,C"]
[Result "1/2-1/2"]
[WhiteElo "2215"]
[BlackElo "2395"]

1.d4 d5 2.c4 Nc6 3.cxd5 Qxd5 4.Nf3 e5 5.Nc3 Bb4 6.Bd2 Bxc3 7.Bxc3 e4 8.Ne5 Nge7
9.Nxc6 Nxc6 10.e3 O-O 11.Qb3 Qxb3 12.axb3 Be6 13.Bc4 Rad8 14.Ke2 a6 15.Rhc1 Rfe8
16.h3 Bc8 17.Bd2 Rd6 18.b4 Be6 19.Bxe6 fxe6 20.Rc5 Rd5 21.f3 exf3+ 22.gxf3 Kf7
23.Bc3 Red8 24.Rd1 g6 25.e4 Rxc5 26.bxc5 h5 27.Ke3 Na7 28.b3 Nb5 29.Bb2 c6
30.f4 Rd7  1/2-1/2

[Event "ch-Central Serbia 2012"]
[Site "Pozarevac SRB"]
[Date "2012.02.15"]
[Round "3.6"]
[White "Radovanovic,D"]
[Black "Ratkovic,Milov"]
[Result "1-0"]
[WhiteElo "2367"]
[BlackElo "2183"]

1.d4 d5 2.c4 Nc6 3.cxd5 Qxd5 4.e3 e5 5.Nc3 Bb4 6.Bd2 Bxc3 7.bxc3 Qd6 8.Bd3 Nge7
9.Ne2 O-O 10.O-O b6 11.Qc2 h6 12.Rad1 Be6 13.e4 exd4 14.cxd4 Nxd4 15.Nxd4 Qxd4
16.Bc3 Qd7 17.Qb2 f6 18.e5 f5 19.Bxf5 Qc6 20.Bxe6+ Qxe6 21.Qd2 Ng6 22.f4 Kh8
23.g3 Qg4 24.Kh1 h5 25.Qd3 Ne7 26.Qf3 Qh3 27.Qg2 Qe6 28.Qf3 Qh3 29.Qg2 Qe6
30.Bb4 c5 31.Bc3 Rad8 32.Qe2 Qg6 33.e6 Rxd1 34.Rxd1 Re8 35.Kg1 Nf5 36.Re1 Re7
37.Kf2 Nh6 38.Qe4 Qg4 39.Qd5 Kh7 40.Re5 h4 41.Rg5 hxg3+ 42.hxg3 Qh3 43.Kg1 Kh8
44.f5 Ng4 45.Qf3 Qh2+ 46.Kf1 Qh3+ 47.Ke1 Nh6 48.Rh5 Rxe6+ 49.fxe6 Qxe6+ 50.Re5  1-0

[Event "ch-POL 2012"]
[Site "Warsaw POL"]
[Date "2012.02.26"]
[Round "9"]
[White "Moranda,W"]
[Black "Mista,A"]
[Result "1-0"]
[WhiteElo "2568"]
[BlackElo "2587"]

1.d4 d5 2.c4 Nc6 3.Nc3 dxc4 4.d5 Ne5 5.f4 Ng6 6.e4 e6 7.dxe6 Qxd1+ 8.Kxd1 fxe6
9.Bxc4 a6 10.Nf3 b5 11.Bb3 c5 12.Ke2 c4 13.Bc2 Nf6 14.e5 b4 15.Ba4+ Nd7 16.Ne4 Bb7
17.Neg5 Ke7 18.Bxd7 Kxd7 19.Rd1+ Ke7 20.Rd6 Bd5 21.Rxd5 exd5 22.f5 Nxe5 23.Nxe5 Re8
24.Be3 Kf6 25.Nd7+ Kxf5 26.Rf1+ Kg6 27.Nf7 Rg8 28.Nde5+ Kh5 29.Rf3  1-0

[Event "2nd Ferdynanda Dziedzica Mem"]
[Site "Trzcianka POL"]
[Date "2012.03.04"]
[Round "2"]
[White "Gajewski,G"]
[Black "Zakrzewski,Mare"]
[Result "1-0"]
[WhiteElo "2618"]
[BlackElo "2111"]

1.d4 d5 2.c4 Nc6 3.Nf3 Bg4 4.cxd5 Bxf3 5.gxf3 Qxd5 6.e3 e5 7.Nc3 Bb4 8.a3 Bxc3+
9.bxc3 Qd6 10.Rb1 O-O-O 11.Qb3 b6 12.Qxf7 Nf6 13.Bh3+ Kb8 14.O-O g5 15.Qe6 e4
16.fxe4 Qxe6 17.Bxe6 Nxe4 18.c4 Rd6 19.Bf5 Nc3 20.Rb2 Rf6 21.Bd3 Re8 22.f3 h5
23.Rc2 Na4 24.c5 bxc5 25.Bb5 Nb6 26.Rxc5 Ree6 27.d5 Re5 28.Rxc6  1-0

[Event "European Ind w 2012"]
[Site "Gaziantep TUR"]
[Date "2012.03.06"]
[Round "5"]
[White "Khurtsidze,N"]
[Black "Foisor,C"]
[Result "0-1"]
[WhiteElo "2447"]
[BlackElo "2398"]

1.d4 d5 2.c4 Nc6 3.Nf3 Bg4 4.cxd5 Bxf3 5.dxc6 Bxc6 6.Nc3 Nf6 7.f3 e6 8.e4 Be7
9.Be3 O-O 10.Be2 a6 11.a3 b5 12.O-O Qb8 13.Qc2 Qb7 14.Rfc1 Bd7 15.Nb1 Rfc8
16.Nd2 a5 17.Nb3 Be8 18.Nc5 Qb8 19.Bd3 Nd7 20.e5 Nxc5 21.dxc5 g6 22.c6 Ra6
23.Be4 Qa8 24.Qc3 a4 25.Rc2 Rb8 26.Bc5 Bxc5+ 27.Qxc5 Qa7 28.Qxa7 Rxa7 29.Rd1 Kf8
30.Rd4 Ra6 31.Kf2 f5 32.exf6 Kf7 33.Ke3 Kxf6 34.Rc5 Rbb6 35.Kd2 Bxc6 36.Bxc6 Rxc6
37.Rxb5 Rd6 38.Rb4 c5  0-1

[Event "2nd HD Bank Cup 2012"]
[Site "Ho Chi Minh City VIE"]
[Date "2012.03.07"]
[Round "9.2"]
[White "Cao,S"]
[Black "Le Quang Liem"]
[Result "0-1"]
[WhiteElo "2526"]
[BlackElo "2698"]

1.d4 d5 2.c4 Nc6 3.Nc3 Nf6 4.Nf3 Bg4 5.cxd5 Nxd5 6.e4 Bxf3 7.gxf3 Nxc3 8.bxc3 e5
9.Rb1 Bd6 10.Rxb7 O-O 11.Qa4 Ne7 12.f4 exf4 13.Rxa7 Rxa7 14.Qxa7 Qd7 15.Qb7 f6
16.h3 Kh8 17.Bc4 Ng6 18.Kd1 Qa4+ 19.Bb3 Qa5 20.Kc2 Qg5 21.Bc4 Qg2 22.Rf1 f5
23.Bd3 c5 24.Bd2 cxd4 25.cxd4 Rd8 26.a4 Bf8 27.Bc3 Qf3 28.a5 Ne5 29.Bb5 Nd7
30.Qc7 Qxe4+ 31.Bd3 Qa8 32.d5 Nf6 33.Bc4 Rc8 34.Qxf4 Nxd5 35.Bxd5 Qxd5 36.Ra1 Bd6
37.Qd2 Qe4+ 38.Qd3 Bb4 39.Qxe4 Rxc3+ 40.Kb2 fxe4 41.a6 Rc8 42.Kb3 Bc5 43.Ra2 Kg8
44.Ka4 Kf7 45.Rc2 Ke6 46.a7 Ra8 47.Rxc5 Rxa7+ 48.Kb3 Rf7 49.Kc4 Rxf2 50.Kd4 Rf4
51.Rh5 h6 52.Ke3 Rf5 53.Rh4 Kd5 54.Rg4 Rf3+ 55.Ke2 g5  0-1

[Event "Zagreb Open A"]
[Site "Zagreb CRO"]
[Date "2012.03.07"]
[Round "3.22"]
[White "Matko,O"]
[Black "Graziani,Claudio"]
[Result "1-0"]
[WhiteElo "2262"]
[BlackElo "2214"]

1.d4 d5 2.c4 Nc6 3.Nf3 Bg4 4.Nc3 e6 5.cxd5 exd5 6.Bf4 Nf6 7.e3 Bd6 8.Bg5 Be7
9.Qb3 Na5 10.Qa4+ c6 11.Ne5 Be6 12.Bd3 O-O 13.Qc2 h6 14.Bh4 Nc4 15.Nf3 b5
16.O-O Re8 17.Rac1 Rc8 18.Rfd1 Bg4 19.Bg3 Bd6 20.Re1 Bxg3 21.hxg3 Be6 22.Ne2 Bd7
23.Nf4 Ne4 24.b3 Ncd6 25.Qb2 Re7 26.Ne5 Be8 27.Qa3 Rec7 28.Rc2 g5 29.Ne2 f6
30.Nf3 Rb7 31.Rec1 a5 32.Ne1 b4 33.Qb2 Nb5 34.Bxb5 Rxb5 35.Nd3 Rc7 36.Nc5 Re7
37.Nxe4 Rxe4 38.Rc5 Rb7 39.a3 Ree7 40.Ra1 Ra7 41.Nc1 Qa8 42.Qc2 Kg7 43.a4 Bg6
44.Qd2 Rac7 45.Nd3 Rc8 46.Rac1 Qa6 47.Ne1 Re6 48.Nf3 Rce8 49.g4 h5 50.Nh2 h4
51.Qd1 Be4 52.Nf1 Rh8 53.Nd2 Bd3 54.Nf3 h3 55.Nh2 hxg2 56.Kxg2 Be4+ 57.f3 Bd3
58.Qd2 Rhe8 59.Re1 R8e7 60.Kf2 Re8 61.Kg2 R8e7 62.Kf2 Bg6 63.Nf1 Qb6 64.Ng3 Qc7
65.Kg2 Re8 66.Qf2 Qe7 67.Rxa5 Rxe3 68.Ra7 Rxe1 69.Rxe7+ R8xe7 70.Qd2 Rb1
71.Qxb4 Rb2+ 72.Kh3 Re8 73.Qb7+  1-0

[Event "European Senior Teams 2012"]
[Site "Rogaska Slatina SLO"]
[Date "2012.03.28"]
[Round "2.9"]
[White "Quinn,Joh"]
[Black "Hurme,H"]
[Result "0-1"]
[WhiteElo "2121"]
[BlackElo "2184"]

1.d4 d5 2.c4 Nc6 3.Nc3 dxc4 4.Nf3 Nf6 5.Bg5 h6 6.Bh4 e6 7.e3 Bd6 8.Bxc4 O-O
9.O-O e5 10.dxe5 Nxe5 11.Nxe5 Bxe5 12.Qxd8 Rxd8 13.f4 Bxc3 14.bxc3 Bf5 15.Bxf6 gxf6
16.Rad1 Bc2 17.Rxd8+ Rxd8 18.Re1 f5 19.Kf2 Rd6 20.Re2 Be4 21.Bb3 Kf8 22.Bc2 Ke7
23.Bxe4 fxe4 24.g4 b5 25.h4 Rc6 26.g5 hxg5 27.fxg5 Rxc3 28.Kg3 Rc1 29.h5 Rh1
30.Kg4 c5 31.Rd2 c4 32.Rd5 c3 33.Rc5 b4 34.h6 a5 35.Kf5 a4 36.Kxe4 b3 37.axb3 axb3
38.Rxc3 b2  0-1

[Event "European Senior Teams 2012"]
[Site "Rogaska Slatina SLO"]
[Date "2012.03.29"]
[Round "3.4"]
[White "Hurme,H"]
[Black "Bhend,E"]
[Result "0-1"]
[WhiteElo "2184"]
[BlackElo "2241"]

1.d4 d5 2.c4 Nc6 3.Nc3 dxc4 4.d5 Ne5 5.f4 Nd7 6.e4 Nb6 7.Be3 e6 8.dxe6 Bxe6
9.f5 Qxd1+ 10.Rxd1 Bd7 11.Nf3 Bb4 12.Ne5 Ba4 13.Rc1 Nf6 14.Bxb6 axb6 15.Bxc4 O-O
16.Nxf7 Rxf7 17.O-O Bc5+ 18.Kh1 Ng4 19.g3 Bc6 20.h3 Ne5 21.Bxf7+ Kxf7 22.Rfd1 Re8
23.Nd5 Bd6 24.Kg2 Ra8 25.a3 b5 26.Kf2 Re8 27.Rc2 Nc4 28.Kf3 Nb6 29.Re2 Nd7
30.Nf4 Ne5+ 31.Kg2 Ra8 32.Nd5 Ra4 33.g4 h6 34.Nc3 Rc4 35.Nd5 Nd7 36.Kf3 Rc5
37.Nb4 Ne5+ 38.Kg2 Rc4 39.Nd5 Ra4 40.Nc3 Ra8 41.Nd5 Re8 42.Kf2 Nc4 43.h4 Be5
44.g5 Nxb2 45.g6+ Kf8 46.Rb1 Nd3+ 47.Ke3 Nc5 48.Rd1 Nd7 49.Nb4 Nf6 50.Kf3 Bd6
51.Rd4 h5 52.a4 Bd7 53.axb5 Bxb5 54.Rc2 Ra8 55.Nd5 Ra3+ 56.Rc3 Rxc3+ 57.Nxc3 Bc6
58.Nd5 Nxd5 59.exd5 Bd7 60.Ke4 Ke7  0-1

[Event "European Senior Teams 2012"]
[Site "Rogaska Slatina SLO"]
[Date "2012.03.30"]
[Round "4.8"]
[White "Nordstrom,F"]
[Black "Kratschmer,H"]
[Result "1/2-1/2"]
[WhiteElo "2160"]
[BlackElo "2164"]

1.d4 d5 2.c4 Nc6 3.cxd5 Qxd5 4.e3 e5 5.Nc3 Bb4 6.Bd2 Bxc3 7.bxc3 Qd6 8.Qb3 Nf6
9.Bd3 O-O 10.Ne2 Re8 11.Bc1 Be6 12.Ba3 Bxb3 13.Bxd6 cxd6 14.axb3 exd4 15.Nxd4 Nxd4
16.cxd4 Rac8 17.Kd2  1/2-1/2

[Event "European Senior Teams 2012"]
[Site "Rogaska Slatina SLO"]
[Date "2012.03.31"]
[Round "5.12"]
[White "Miles,R"]
[Black "Bonner,G"]
[Result "1/2-1/2"]
[WhiteElo "2083"]
[BlackElo "2197"]

1.d4 d5 2.c4 Nc6 3.cxd5 Qxd5 4.e3 e5 5.Nc3 Bb4 6.Bd2 Bxc3 7.Bxc3 exd4 8.Ne2 Bg4
9.f3 Be6 10.Nxd4 Nxd4 11.Qxd4 Qxd4 12.Bxd4 Nf6 13.Bxf6 gxf6 14.Rc1 O-O-O
15.Bc4 Rhg8 16.g3 Rd6 17.Bxe6+ fxe6 18.Ke2 Rgd8 19.Rhd1 Ra6 20.Rxd8+ Kxd8
21.a3 Rb6 22.Rc2 Rb3 23.g4 c6 24.f4 Ke7 25.Kf3 Rd3  1/2-1/2

[Event "European Senior Teams 2012"]
[Site "Rogaska Slatina SLO"]
[Date "2012.04.03"]
[Round "8.11"]
[White "Miles,R"]
[Black "Haubt,G"]
[Result "0-1"]
[WhiteElo "2083"]
[BlackElo "2215"]

1.d4 d5 2.c4 Nc6 3.cxd5 Qxd5 4.e3 e5 5.Nc3 Bb4 6.Bd2 Bxc3 7.Bxc3 exd4 8.Ne2 Nf6
9.Nxd4 O-O 10.Nb5 Qg5 11.h4 Qh6 12.Nxc7 Bg4 13.Qb3 Rad8 14.Qxb7 Rd6 15.Bc4 Rb8
16.Qa6 Rbd8 17.O-O Qxh4 18.Nb5 Bf3 19.gxf3 Ng4 20.Bxf7+ Kh8 21.fxg4 Qxg4+
22.Kh2 Rh6+ 23.Bh5 Rxh5+  0-1

[Event "VI New Open Lugano"]
[Site "Lugano SUI"]
[Date "2012.04.06"]
[Round "1.3"]
[White "Okhotnik,V"]
[Black "Scheidegger,A"]
[Result "1-0"]
[WhiteElo "2489"]
[BlackElo "1996"]

1.d4 d5 2.c4 Nc6 3.e3 Nf6 4.cxd5 Nxd5 5.Nf3 Bg4 6.h3 Bxf3 7.Qxf3 e6 8.Bb5 Bb4+
9.Nd2 O-O 10.a3 Be7 11.O-O a6 12.Bd3 Nf6 13.Bc4 Qd7 14.Ne4 Nxe4 15.Qxe4 Bf6
16.Bd2 Ne7 17.Rfd1 Nf5 18.Bd3 g6 19.Qxb7 Rab8 20.Qf3 Be7 21.Bc3 Nh4 22.Qe2 Qd5
23.e4 Qg5 24.Qg4 Qf6 25.Bxa6 h5 26.Qg3  1-0

[Event "39th La Roda Open"]
[Site "La Roda ESP"]
[Date "2012.04.08"]
[Round "8"]
[White "Santos,AntonioP"]
[Black "Perez Mitjans,O"]
[Result "0-1"]
[WhiteElo "2327"]
[BlackElo "2482"]

1.d4 d5 2.c4 Nc6 3.cxd5 Qxd5 4.e3 e5 5.Nc3 Bb4 6.Bd2 Bxc3 7.Bxc3 exd4 8.Ne2 Nf6
9.Nxd4 O-O 10.Nb5 Qg5 11.h4 Qh6 12.Nxc7 Bg4 13.Qa4 Rac8 14.Nb5 Rfe8 15.Be2 Rxe3
16.O-O Re4 17.Qxe4 Nxe4 18.Bxg4 Rd8 19.Rad1 Rxd1 20.Bxd1 Qxh4 21.Bf3 Nxc3
22.Nxc3 Ne5  0-1

[Event "Belgrade Cup Final 2012"]
[Site "Belgrade SRB"]
[Date "2012.04.18"]
[Round "1.3"]
[White "Stamenkovic,A"]
[Black "Hrzic,I"]
[Result "1-0"]
[WhiteElo "2288"]
[BlackElo "2290"]

1.d4 d5 2.c4 Nc6 3.Nf3 Bg4 4.Nc3 e6 5.Bg5 f6 6.Bh4 Nge7 7.Bg3 Nf5 8.e3 Bb4
9.Be2 O-O 10.Rc1 Nce7 11.cxd5 exd5 12.Qb3 Nxg3 13.hxg3 Qd6 14.O-O Bxc3 15.bxc3 b6
16.c4 c6 17.cxd5 cxd5 18.Ba6 Kh8 19.Rc3 Bc8 20.Bd3 Bb7 21.Qa4 Nc6 22.Rfc1 Qb4
23.Qc2 Ne7 24.Rb3 Qa4 25.Bb5 Qa5 26.Qb2 a6 27.Bd7 b5 28.a4 Qd8 29.Rbc3 Rb8
30.Bh3 bxa4 31.Qa3 Nc8 32.Bxc8 Bxc8 33.Qxa4 Qb6 34.Rc5 Qb2 35.Ne1 h6 36.Nd3 Qd2
37.Nf4 Rd8 38.R5c2 Bd7 39.Qxa6 Qb4 40.Nxd5 Qb3 41.Nf4 Bf5 42.Rc7 Be4 43.Qe6 Qxe6
44.Nxe6 Rg8 45.Nc5 Bg6 46.d5 Rgd8 47.e4 f5 48.Ne6 Rg8 49.Nf4 Be8 50.exf5 Rf8
51.g4 Kg8 52.Ne6 Rf7 53.Rc8 Rfb7 54.Rxb8 Rxb8 55.Rc7 Bf7 56.d6  1-0

[Event "Historical Melaka Op"]
[Site "Melaka MAS"]
[Date "2012.04.27"]
[Round "7"]
[White "Arun Prasad,S"]
[Black "Romero Holmes,A"]
[Result "1-0"]
[WhiteElo "2517"]
[BlackElo "2501"]

1.d4 d5 2.c4 Nc6 3.Nc3 dxc4 4.Nf3 Nf6 5.Bg5 h6 6.Bh4 Qd6 7.d5 Ne5 8.Nxe5 Qxe5
9.Bg3 Qh5 10.Nb5 e5 11.Nxc7+ Kd8 12.d6 Rb8 13.a4 Bd7 14.f3 e4 15.Qd4 Qa5+
16.Kf2 Qb6 17.Qxb6 axb6 18.e3 Nh5 19.Bxc4 Nxg3 20.hxg3 Bxd6 21.Nd5 Bc6 22.Nxb6 exf3
23.gxf3 Be5 24.Rad1+ Ke7 25.b4 Bc7 26.Nd5+ Bxd5 27.Rxd5 Rhd8 28.a5 Rbc8 29.Rxd8 Rxd8
30.Ke2 Bd6 31.Rh5 g5 32.Rxh6 Bxb4 33.Rb6 Bxa5 34.Rxb7+ Rd7 35.Rb5  1-0

[Event "ch-LAT 2012"]
[Site "Riga LAT"]
[Date "2012.05.01"]
[Round "4"]
[White "Kantans,T"]
[Black "Putka,V"]
[Result "1-0"]
[WhiteElo "2347"]
[BlackElo "2293"]

1.d4 d5 2.c4 Nc6 3.Nc3 e5 4.Nf3 exd4 5.Nxd4 Nxd4 6.Qxd4 dxc4 7.Qxd8+ Kxd8
8.Bg5+ Be7 9.O-O-O+ Bd7 10.Bxe7+ Kxe7 11.e4 b5 12.Nd5+ Kd8 13.Be2 c6 14.Nb4 Ke7
15.Rd2 a5 16.Rhd1 Ra7 17.Bg4 Be8 18.Nc2 Nf6 19.Bf3 Nd7 20.Nd4 Nc5 21.Kb1 g6
22.e5 Rc7 23.Rc2 Ne6 24.Nxe6 fxe6 25.Rd6 Rf8 26.Bg4 Bd7 27.Kc1 h5 28.Bf3 Rf5
29.Re2 Be8 30.Rdd2 Rd7 31.Rxd7+ Bxd7 32.Kd2 c5 33.Kc3 a4 34.Be4 Rf4 35.g3 Rf8
36.Bxg6 Rf3+ 37.Kc2 Bc6 38.Bxh5 Rf5 39.Bg6 Rg5 40.Be4 Rxe5 41.f3 b4 42.h4 Bb5
43.f4 Rh5 44.Rh2 Rh8 45.h5 c3 46.bxc3 Bc4 47.cxb4 cxb4 48.Kb1 e5 49.fxe5 Ke6
50.Bc2 b3 51.axb3 axb3 52.Bg6 Kxe5 53.Rf2 Be6 54.Rf4 Rd8 55.h6 Rd1+ 56.Kb2 Rh1
57.h7 Rh2+ 58.Kc3 Rh3 59.Rh4 Rxg3+ 60.Kb4  1-0